[Event "Madrid ch 2009/10 Semifinal B"]
[Site "Madrid ESP"]
[Date "2010.01.14"]
[Round "3.11"]
[White "Prieto Honorato, Juan Maria"]
[Black "Navas Jimenez, Julian"]
[Result "1-0"]
[WhiteElo "2098"]
[BlackElo "1962"]
[PlyCount "69"]
[EventDate "2010.01.08"]
[EventType "swiss"]
[EventRounds "9"]
[EventCountry "ESP"]
[Source "lmi"]
[SourceDate "2010.01.08"]

1. d4 Nf6 2. c4 e6 3. Nf3 b6 4. Nc3 Bb7 5. Bg5 Be7 6. e3 Ne4 7. Bxe7 Qxe7 8.
Bd3 Nxc3 9. bxc3 d6 10. O-O O-O 11. Nd2 c5 12. f4 f5 13. e4 Nd7 14. Qe2 Rae8
15. Rae1 Qf7 16. Qf2 g6 17. Nf3 fxe4 18. Ng5 Qe7 19. Bxe4 Bxe4 20. Rxe4 e5 21.
dxe5 dxe5 22. Qd2 h6 23. Nf3 Rxf4 24. Rfe1 Rxe4 25. Rxe4 Qg7 26. Rh4 e4 27.
Qd5+ Kf8 28. Rf4+ Nf6 29. Qd6+ Kg8 30. Rxf6 Kh7 31. Ne5 Re7 32. Nxg6 e3 33.
Nf8+ Kg8 34. Rg6 e2 35. Qxe7 1-0

[Event "Madrid ch 2009/10 Semifinal B"]
[Site "Madrid ESP"]
[Date "2010.01.14"]
[Round "3.12"]
[White "Gomez Gonzalez, Javier"]
[Black "Madurga Lopez, Ignacio"]
[Result "0-1"]
[WhiteElo "2041"]
[BlackElo "1913"]
[PlyCount "142"]
[EventDate "2010.01.08"]
[EventType "swiss"]
[EventRounds "9"]
[EventCountry "ESP"]
[Source "lmi"]
[SourceDate "2010.01.08"]

1. e4 c5 2. Nf3 d6 3. Bb5+ Bd7 4. Bxd7+ Qxd7 5. O-O Nc6 6. c3 e6 7. d4 cxd4 8.
cxd4 d5 9. Nc3 Nge7 10. exd5 Nxd5 11. Qb3 Nxc3 12. bxc3 Na5 13. Qd1 Bd6 14. Qd3
Rc8 15. Be3 h6 16. a4 O-O 17. Rfb1 Qc7 18. Bd2 b6 19. Rb5 Nc4 20. Be1 Rfd8 21.
Qe2 Na5 22. h3 Qc4 23. Qxc4 Rxc4 24. g4 Nc6 25. Rb3 Na5 26. Rb2 Rdc8 27. Bd2
Nc6 28. g5 h5 29. g6 f6 30. Rba2 e5 31. dxe5 Nxe5 32. Nxe5 Bxe5 33. Rc1 Kf8 34.
a5 b5 35. a6 b4 36. Rb1 bxc3 37. Be3 c2 38. Rc1 R8c7 39. Kf1 Ke7 40. Ke2 Bf4
41. Bxf4 Rxf4 42. Raxc2 Rd7 43. Kf1 Rf5 44. Rc5 Rd1+ 45. Ke2 Rxc1 46. Rxf5 h4
47. Rb5 Kd6 48. Rh5 Ke6 49. Rxh4 Kf5 50. Rb4 Kxg6 51. Rb7 Ra1 52. Rxa7 Ra3 53.
f3 Kh6 54. Kf2 g6 55. Kg3 Ra4 56. Ra8 Kg7 57. Kf2 Ra3 58. a7 Kh7 59. Ke2 Kg7
60. Kd2 Kh7 61. Kc2 Kg7 62. Kb2 Ra6 63. Kb3 Ra1 64. h4 Kh7 65. Kc4 Kg7 66. Kd5
Rd1+ 67. Ke4 Ra1 68. Kf4 Ra4+ 69. Kg3 Ra2 70. Kg4 Ra3 71. f4 f5+ 0-1

[Event "Madrid ch 2009/10 Semifinal B"]
[Site "Madrid ESP"]
[Date "2010.01.14"]
[Round "3.13"]
[White "Cardena Contreras, Javier"]
[Black "Tome Vazquez, Oscar"]
[Result "1-0"]
[WhiteElo "1899"]
[BlackElo "2022"]
[PlyCount "45"]
[EventDate "2010.01.08"]
[EventType "swiss"]
[EventRounds "9"]
[EventCountry "ESP"]
[Source "lmi"]
[SourceDate "2010.01.08"]

1. e4 g6 2. d4 Bg7 3. Nc3 c6 4. f4 d5 5. e5 Nh6 6. Nf3 f6 7. Bd3 O-O 8. O-O Bg4
9. Ne2 Bxf3 10. Rxf3 fxe5 11. dxe5 c5 12. c4 d4 13. Ng3 e6 14. Ne4 Nd7 15. Qc2
Nf7 16. Bd2 g5 17. Nf6+ Nxf6 18. exf6 Bh6 19. Bxh7+ Kh8 20. Qg6 g4 21. Rg3 Nd6
22. Qxh6 Qxf6 23. Bg6+ 1-0

[Event "Madrid ch 2009/10 Semifinal B"]
[Site "Madrid ESP"]
[Date "2010.01.14"]
[Round "3.14"]
[White "Morona Minguez, Irene"]
[Black "Ocana Lameiro, Oliver"]
[Result "0-1"]
[WhiteElo "1867"]
[BlackElo "1927"]
[PlyCount "56"]
[EventDate "2010.01.08"]
[EventType "swiss"]
[EventRounds "9"]
[EventCountry "ESP"]
[Source "lmi"]
[SourceDate "2010.01.08"]

1. e4 c5 2. Nf3 e6 3. d4 cxd4 4. Nxd4 Nc6 5. Nc3 Nf6 6. Nxc6 bxc6 7. e5 Nd5 8.
Ne4 Qc7 9. f4 Qb6 10. a3 Ne3 11. Qd3 Nxf1 12. Rxf1 Ba6 13. c4 f5 14. exf6 d5
15. fxg7 Bxg7 16. Nc3 Bxc4 17. Qg3 Rg8 18. Rh1 O-O-O 19. Qf3 e5 20. Bd2 e4 21.
Qh3+ Kb8 22. O-O-O Bd3 23. Be1 Bxc3 24. Bxc3 Qb3 25. Rd2 Qa2 26. Rxd3 exd3 27.
Qxd3 d4 28. Ba5 Rxg2 0-1

[Event "Madrid ch 2009/10 Semifinal B"]
[Site "Madrid ESP"]
[Date "2010.01.14"]
[Round "3.15"]
[White "Martin Duque, Jesus"]
[Black "Collado Barbas, Laura"]
[Result "1-0"]
[WhiteElo "2060"]
[BlackElo "2096"]
[PlyCount "49"]
[EventDate "2010.01.08"]
[EventType "swiss"]
[EventRounds "9"]
[EventCountry "ESP"]
[Source "lmi"]
[SourceDate "2010.01.08"]

1. e4 c6 2. d4 d5 3. exd5 cxd5 4. c4 Nf6 5. Nc3 Nc6 6. Nf3 Bg4 7. cxd5 Nxd5 8.
Qb3 Bxf3 9. gxf3 Nb6 10. Be3 e6 11. O-O-O Be7 12. d5 exd5 13. Nxd5 Nxd5 14.
Rxd5 Qc7 15. Kb1 O-O 16. Rh5 Nb4 17. a3 Qc6 18. Rg1 g6 19. axb4 Qxf3 20. Rh6
Bf6 21. Bd3 Kg7 22. h4 Rfe8 23. Rxh7+ Kxh7 24. Qxf7+ Kh8 25. Qxg6 1-0

[Event "Madrid ch 2009/10 Semifinal B"]
[Site "Madrid ESP"]
[Date "2010.01.14"]
[Round "3.16"]
[White "Tirado Parra, Alberto"]
[Black "Mansilla Tolosa, Luis"]
[Result "1/2-1/2"]
[WhiteElo "1957"]
[BlackElo "2109"]
[PlyCount "71"]
[EventDate "2010.01.08"]
[EventType "swiss"]
[EventRounds "9"]
[EventCountry "ESP"]
[Source "lmi"]
[SourceDate "2010.01.08"]

1. d4 Nf6 2. c4 e6 3. Nf3 d5 4. Nc3 Be7 5. Bg5 Nbd7 6. e3 Ne4 7. Bxe7 Qxe7 8.
Rc1 Ndf6 9. Bd3 O-O 10. O-O Nxc3 11. bxc3 b6 12. cxd5 exd5 13. Ne5 c5 14. c4
Bb7 15. cxd5 Bxd5 16. Qa4 Qe6 17. Ba6 cxd4 18. exd4 Bxa2 19. Bb7 Bb3 20. Qa6
Rab8 21. Rfe1 Bd5 22. Nc6 Bxc6 23. Bxc6 Qd6 24. d5 Ng4 25. g3 Rbc8 26. Qe2 Nf6
27. Qe5 Qxe5 28. Rxe5 Rfd8 29. Rce1 Kf8 30. Re7 Nxd5 31. Bxd5 Rxd5 32. Rxa7 Rb8
33. Ree7 Rf5 34. f4 b5 35. Kg2 b4 36. Reb7 1/2-1/2

[Event "Madrid ch 2009/10 Semifinal B"]
[Site "Madrid ESP"]
[Date "2010.01.14"]
[Round "3.17"]
[White "Vukotic Jovsic, Dragan"]
[Black "Martin Prieto, Oscar"]
[Result "1-0"]
[WhiteElo "1984"]
[BlackElo "1982"]
[PlyCount "41"]
[EventDate "2010.01.08"]
[EventType "swiss"]
[EventRounds "9"]
[EventCountry "ESP"]
[Source "lmi"]
[SourceDate "2010.01.08"]

1. d4 c5 2. c3 Nf6 3. Nf3 e6 4. Bf4 Be7 5. Nbd2 Nh5 6. Bg3 Nxg3 7. hxg3 b6 8.
Qc2 h6 9. Qe4 Nc6 10. d5 exd5 11. Qxd5 Qc7 12. e4 Bb7 13. Bc4 O-O 14. Qf5 Bf6
15. Rxh6 gxh6 16. Qxf6 d5 17. Bxd5 Rad8 18. Qg6+ Kh8 19. Qxh6+ Kg8 20. Ng5 Rfe8
21. Bxf7+ 1-0

[Event "Madrid ch 2009/10 Semifinal B"]
[Site "Madrid ESP"]
[Date "2010.01.15"]
[Round "4.1"]
[White "Serrano Salvador, Eduardo"]
[Black "Alcazar Jimenez, Jesus Alberto"]
[Result "1/2-1/2"]
[WhiteElo "2324"]
[BlackElo "2249"]
[PlyCount "158"]
[EventDate "2010.01.08"]
[EventType "swiss"]
[EventRounds "9"]
[EventCountry "ESP"]
[Source "lmi"]
[SourceDate "2010.01.08"]

1. d4 e6 2. c4 c5 3. d5 exd5 4. cxd5 d6 5. e4 Nf6 6. Bd3 g6 7. h3 Bg7 8. Nf3
O-O 9. Nbd2 b5 10. a4 c4 11. Be2 c3 12. bxc3 b4 13. cxb4 Nxd5 14. exd5 Bxa1 15.
O-O Bg7 16. Nc4 Nd7 17. Nxd6 Qb6 18. Nc4 Qxb4 19. Ba3 Qc3 20. Bxf8 Bxf8 21. Qd4
Qxd4 22. Nxd4 Bb7 23. Nc6 Re8 24. Bf3 Ba6 25. Rc1 Bxc4 26. Rxc4 Re1+ 27. Kh2
Nb6 28. Rd4 Bc5 29. Rd2 Bd6+ 30. g3 Ra1 31. Nxa7 Rxa4 32. Nb5 Nc4 33. Rd4 Bc5
34. Re4 Rb4 35. Kg2 f5 36. Re8+ Kf7 37. Rc8 Rxb5 38. Be2 Rb2 39. Rxc5 Rxe2 40.
Rxc4 Rd2 41. Rc7+ Kf6 42. Rxh7 Rxd5 43. h4 Rd3 44. h5 gxh5 45. Rxh5 Kg6 46. Rh4
Kg5 47. Ra4 Rd2 48. Rf4 Ra2 49. Kh3 Rb2 50. Kg2 Ra2 51. Rb4 Rc2 52. Rb8 Ra2 53.
Rg8+ Kf6 54. Re8 Kg5 55. Kf3 Ra3+ 56. Re3 Ra2 57. Re2 Ra3+ 58. Kg2 Rb3 59. Ra2
Rc3 60. Kh3 Rf3 61. Rb2 Kh5 62. Kg2 Ra3 63. f3 Rc3 64. Rb8 Kg5 65. f4+ Kf6 66.
Rb6+ Kg7 67. Kh3 Rc4 68. Kh4 Rc3 69. Kg5 Rxg3+ 70. Kxf5 Ra3 71. Rb7+ Kf8 72.
Kg5 Ra5+ 73. f5 Ra6 74. Rb8+ Kg7 75. Rc8 Rb6 76. Re8 Kf7 77. Ra8 Kg7 78. Ra7+
Kg8 79. f6 Rb4 1/2-1/2

[Event "Madrid ch 2009/10 Semifinal B"]
[Site "Madrid ESP"]
[Date "2010.01.15"]
[Round "4.2"]
[White "Gemy, Jose Daniel"]
[Black "Baigorri Navarro, Fco. Javier"]
[Result "1/2-1/2"]
[WhiteElo "2214"]
[BlackElo "2175"]
[PlyCount "125"]
[EventDate "2010.01.08"]
[EventType "swiss"]
[EventRounds "9"]
[EventCountry "ESP"]
[Source "lmi"]
[SourceDate "2010.01.08"]

1. d4 Nf6 2. Nf3 g6 3. g3 Bg7 4. Bg2 O-O 5. O-O d5 6. c4 c6 7. Nc3 dxc4 8. Ne5
Ng4 9. Nxg4 Bxg4 10. Be3 Be6 11. Qd2 Bd5 12. f3 Na6 13. Bh6 Bxh6 14. Qxh6 Qb6
15. Qe3 Be6 16. Rad1 Rad8 17. Rd2 Nb4 18. Qf2 Qa5 19. e4 Nd3 20. Qe3 Qb6 21.
Ne2 Bc8 22. b3 Ne5 23. f4 Ng4 24. Qc3 cxb3 25. h3 Nf6 26. Rb1 Be6 27. g4 Qa6
28. axb3 Qb5 29. Ng3 Bc8 30. g5 Ne8 31. Ra1 f6 32. Rxa7 fxg5 33. Ra5 Qb6 34.
fxg5 Ng7 35. Re5 Ne6 36. Ne2 Rd6 37. Kh2 Qc7 38. Qg3 Qb6 39. d5 cxd5 40. exd5
Ng7 41. Nd4 Qb4 42. Qe3 Rd7 43. Rc2 Nf5 44. Nxf5 gxf5 45. Rc4 Qd6 46. Kh1 Qa3
47. Ra4 Qd6 48. Rc4 Qa3 49. Kh2 Qd6 50. h4 Rc7 51. Qf4 Rc5 52. Kh1 b5 53. Rxc5
Qxc5 54. h5 Bd7 55. g6 hxg6 56. Qh6 Rf7 57. hxg6 Rg7 58. Re3 Qd6 59. Qh4 Qxg6
60. Qf2 f4 61. Rf3 Qb1+ 62. Qf1 Qxf1+ 63. Rxf1 1/2-1/2

[Event "Madrid ch 2009/10 Semifinal B"]
[Site "Madrid ESP"]
[Date "2010.01.15"]
[Round "4.3"]
[White "Nieto de la Cruz, Julio"]
[Black "Perez de Aranda A., Leonardo I"]
[Result "1-0"]
[WhiteElo "2131"]
[BlackElo "2216"]
[PlyCount "73"]
[EventDate "2010.01.08"]
[EventType "swiss"]
[EventRounds "9"]
[EventCountry "ESP"]
[Source "lmi"]
[SourceDate "2010.01.08"]

1. d4 f5 2. e4 fxe4 3. Nc3 Nf6 4. Bg5 Nc6 5. d5 Ne5 6. Qe2 c6 7. O-O-O Qa5 8.
f4 Nf7 9. Bxf6 gxf6 10. Qxe4 Nd6 11. Qe3 Kd8 12. Nf3 c5 13. Re1 c4 14. Nd4 b5
15. g3 b4 16. Ne4 Qxd5 17. Nxd6 e5 18. Bg2 Qxd6 19. Nb5 Qa6 20. Bxa8 Qxb5 21.
fxe5 h5 22. Qf3 Bh6+ 23. Kb1 Rf8 24. exf6 Qg5 25. Rhf1 Ba6 26. Bb7 Bb5 27. Qf5
c3 28. Qxg5 Bxg5 29. Rf5 Bd2 30. Re4 a6 31. Rc5 Bc6 32. Bxc6 dxc6 33. Rf5 cxb2
34. Kxb2 Bc3+ 35. Kb3 a5 36. f7 Kd7 37. Re8 1-0

[Event "Madrid ch 2009/10 Semifinal B"]
[Site "Madrid ESP"]
[Date "2010.01.15"]
[Round "4.4"]
[White "Elissalt Cardenas, Hector"]
[Black "Argente Rodriguez, Juan Jose"]
[Result "1-0"]
[WhiteElo "2358"]
[BlackElo "2128"]
[PlyCount "41"]
[EventDate "2010.01.08"]
[EventType "swiss"]
[EventRounds "9"]
[EventCountry "ESP"]
[Source "lmi"]
[SourceDate "2010.01.08"]

1. d4 d5 2. Nf3 Nf6 3. c4 dxc4 4. e3 e6 5. Bxc4 a6 6. Bd3 c5 7. O-O Nc6 8. a3
cxd4 9. exd4 Be7 10. Nc3 O-O 11. Bc2 b5 12. b4 Bb7 13. Qd3 Rc8 14. Bb2 g6 15.
Bb3 Re8 16. Rad1 Rc7 17. d5 Rd7 18. Rfe1 Bf8 19. Ne4 Bg7 20. Nxf6+ Bxf6 21.
dxe6 1-0

[Event "Madrid ch 2009/10 Semifinal B"]
[Site "Madrid ESP"]
[Date "2010.01.15"]
[Round "4.5"]
[White "Ramirez Garcia, Jorge Alberto"]
[Black "Prieto Honorato, Juan Maria"]
[Result "1-0"]
[WhiteElo "2176"]
[BlackElo "2098"]
[PlyCount "85"]
[EventDate "2010.01.08"]
[EventType "swiss"]
[EventRounds "9"]
[EventCountry "ESP"]
[Source "lmi"]
[SourceDate "2010.01.08"]

1. e4 g6 2. d4 Bg7 3. Nc3 c6 4. Be3 Nf6 5. e5 Nd5 6. Nxd5 cxd5 7. Qd2 Nc6 8.
Nf3 d6 9. exd6 Qxd6 10. Be2 Bf5 11. O-O O-O 12. c3 f6 13. Rfd1 Rad8 14. Rac1 e5
15. c4 e4 16. Bf4 exf3 17. Bxd6 fxe2 18. Qxe2 Rxd6 19. c5 Re6 20. Qf3 Re4 21.
Qb3 Rfe8 22. Qxb7 Nxd4 23. f3 Ne2+ 24. Kf1 R4e5 25. Ra1 Bf8 26. Qxa7 d4 27. b4
d3 28. Qb6 Rd5 29. c6 Rc8 30. g4 Be6 31. Qa6 Nf4 32. b5 Bc5 33. b6 Bd6 34. Rac1
d2 35. Rc2 Rd3 36. Rdxd2 Ra3 37. Qxc8+ Bxc8 38. Rxd6 Ba6+ 39. Ke1 Re3+ 40. Kd2
Re2+ 41. Kc1 Re8 42. Rcd2 Ne6 43. b7 1-0

[Event "Madrid ch 2009/10 Semifinal B"]
[Site "Madrid ESP"]
[Date "2010.01.15"]
[Round "4.7"]
[White "Madurga Lopez, Ignacio"]
[Black "Vazquez Torres, Adrian"]
[Result "0-1"]
[WhiteElo "1913"]
[BlackElo "2139"]
[PlyCount "46"]
[EventDate "2010.01.08"]
[EventType "swiss"]
[EventRounds "9"]
[EventCountry "ESP"]
[Source "lmi"]
[SourceDate "2010.01.08"]

1. e4 e6 2. d4 d5 3. e5 c5 4. c3 Nc6 5. Nf3 Bd7 6. Bd3 Rc8 7. a3 cxd4 8. cxd4
Qb6 9. O-O Nxd4 10. Nxd4 Qxd4 11. Nc3 Qxe5 12. Re1 Qd6 13. Nb5 Qb6 14. a4 Bc5
15. a5 Qd8 16. Qg4 Kf8 17. b4 Bxb5 18. Bxb5 Nf6 19. Qh4 Be7 20. g4 Bxb4 21. g5
Ne4 22. Rd1 Bc5 23. Ra2 Nc3 0-1

[Event "Madrid ch 2009/10 Semifinal B"]
[Site "Madrid ESP"]
[Date "2010.01.15"]
[Round "4.8"]
[White "Cardena Contreras, Javier"]
[Black "Suarez Uriel, Adrian"]
[Result "0-1"]
[WhiteElo "1899"]
[BlackElo "2137"]
[PlyCount "94"]
[EventDate "2010.01.08"]
[EventType "swiss"]
[EventRounds "9"]
[EventCountry "ESP"]
[Source "lmi"]
[SourceDate "2010.01.08"]

1. e4 c5 2. Nf3 Nc6 3. d4 cxd4 4. Nxd4 Nf6 5. Nc3 e6 6. Ndb5 d6 7. Bf4 e5 8.
Bg5 a6 9. Na3 b5 10. Nd5 Be7 11. Bxf6 Bxf6 12. c3 Bg5 13. Nc2 O-O 14. a4 Rb8
15. h4 Bh6 16. axb5 axb5 17. g4 g6 18. Nce3 b4 19. g5 Bg7 20. Ng4 bxc3 21.
Ngf6+ Bxf6 22. Nxf6+ Kg7 23. h5 c2 24. Qxc2 Nd4 25. Qd1 Qb6 26. Bd3 Rh8 27. Kf1
Ne6 28. h6+ Kf8 29. Qa4 Qd8 30. Qa7 Rb7 31. Qa8 Nxg5 32. Kg2 Ne6 33. Nd5 Nc5
34. Rhc1 Rb8 35. Qc6 Nxd3 36. Rc3 Nf4+ 37. Nxf4 exf4 38. Rd1 Bb7 39. Qa4 Qg5+
40. Kf1 Qxh6 41. Qd4 Qh1+ 42. Ke2 Qxe4+ 43. Qxe4 Bxe4 44. b3 h5 45. Rxd6 h4 46.
Kf1 h3 47. f3 h2 0-1

[Event "Madrid ch 2009/10 Semifinal B"]
[Site "Madrid ESP"]
[Date "2010.01.15"]
[Round "4.9"]
[White "Cabanas Bravo, Juan Andres"]
[Black "Garcia Salamero, Gabriel"]
[Result "0-1"]
[WhiteElo "2059"]
[BlackElo "2155"]
[PlyCount "82"]
[EventDate "2010.01.08"]
[EventType "swiss"]
[EventRounds "9"]
[EventCountry "ESP"]
[Source "lmi"]
[SourceDate "2010.01.08"]

1. e4 c5 2. Nf3 e6 3. d4 cxd4 4. Nxd4 a6 5. Nc3 Qc7 6. Qf3 Nf6 7. Bf4 e5 8. Bg3
d6 9. Nf5 Nc6 10. Bd3 b5 11. O-O b4 12. Ne2 Ne7 13. Ne3 h5 14. Bh4 Bg4 15. Nxg4
hxg4 16. Qg3 Qd7 17. Bxf6 gxf6 18. f4 Bh6 19. f5 Nc6 20. a3 Qa7+ 21. Kh1 Nd4
22. axb4 Nxe2 23. Bxe2 Bf4 24. Rxf4 exf4 25. Qxf4 Qb6 26. c3 Ke7 27. Bxg4 a5
28. bxa5 Rxa5 29. Rd1 Rha8 30. h3 Ra1 31. Qd2 Rxd1+ 32. Bxd1 Ra2 33. Qd5 Ra1
34. e5 dxe5 35. Kh2 Kf8 36. Bb3 Ra7 37. Ba2 Qxb2 38. Bc4 Qxc3 39. Be2 Qe3 40.
Qc4 e4 41. g3 Qf2+ 0-1

[Event "Madrid ch 2009/10 Semifinal B"]
[Site "Madrid ESP"]
[Date "2010.01.15"]
[Round "4.11"]
[White "Garcia Serrano, Jose Manuel"]
[Black "Martin Duque, Jesus"]
[Result "0-1"]
[WhiteElo "1921"]
[BlackElo "2060"]
[PlyCount "82"]
[EventDate "2010.01.08"]
[EventType "swiss"]
[EventRounds "9"]
[EventCountry "ESP"]
[Source "lmi"]
[SourceDate "2010.01.08"]

1. e4 c5 2. d4 cxd4 3. c3 dxc3 4. Nxc3 Nc6 5. Nf3 e6 6. Bc4 d6 7. O-O Nf6 8.
Qe2 Be7 9. Rd1 e5 10. h3 O-O 11. Be3 Be6 12. Bxe6 fxe6 13. b4 a6 14. Rac1 d5
15. exd5 exd5 16. Bc5 Bxc5 17. bxc5 e4 18. Ng5 Re8 19. Nxd5 Nxd5 20. Nxe4 Qe7
21. f3 Nf6 22. Qc4+ Qe6 23. Nd6 Qxc4 24. Rxc4 Red8 25. Rb1 b5 26. cxb6 Rxd6 27.
b7 Rb8 28. Rbc1 Rxb7 29. Rxc6 Rxc6 30. Rxc6 a5 31. Ra6 Rb5 32. a4 Rc5 33. Kf2
Nd5 34. Ke2 Nc3+ 35. Kd3 Nxa4 36. Kd4 Rb5 37. h4 Nb6 38. g4 a4 39. f4 Rb4+ 40.
Ke5 Nd7+ 41. Kd6 Rb6+ 0-1

[Event "Madrid ch 2009/10 Semifinal B"]
[Site "Madrid ESP"]
[Date "2010.01.15"]
[Round "4.12"]
[White "Navas Jimenez, Julian"]
[Black "Gomez Gonzalez, Javier"]
[Result "0-1"]
[WhiteElo "1962"]
[BlackElo "2041"]
[PlyCount "84"]
[EventDate "2010.01.08"]
[EventType "swiss"]
[EventRounds "9"]
[EventCountry "ESP"]
[Source "lmi"]
[SourceDate "2010.01.08"]

1. d4 Nf6 2. c4 g6 3. Nc3 Bg7 4. e4 d6 5. Nf3 O-O 6. Be2 e5 7. O-O Nc6 8. d5
Ne7 9. b4 Nh5 10. Re1 Nf4 11. Bf1 Kh8 12. Bxf4 exf4 13. Rc1 Bg4 14. Qd3 a5 15.
b5 Bxf3 16. Qxf3 g5 17. Qh5 Ng8 18. e5 dxe5 19. Bd3 f5 20. f3 Qf6 21. Qh3 b6
22. Kh1 Nh6 23. Qh5 Rad8 24. Rf1 Rf7 25. Rfe1 Bf8 26. Na4 Bb4 27. Re2 Re7 28.
Bb1 Ba3 29. Rce1 Nf7 30. g4 fxg3 31. hxg3 Nd6 32. Bd3 Bb4 33. Rf1 Qg6 34. Qh3
e4 35. g4 Rde8 36. gxf5 Qxf5 37. Qxf5 Nxf5 38. Rxe4 Ng3+ 39. Kg2 Nxf1 40. Kxf1
Rxe4 41. fxe4 h5 42. Kg2 Kg7 0-1

[Event "Madrid ch 2009/10 Semifinal B"]
[Site "Madrid ESP"]
[Date "2010.01.15"]
[Round "4.13"]
[White "Tome Vazquez, Oscar"]
[Black "Sanchez Millan, Eduardo"]
[Result "0-1"]
[WhiteElo "2022"]
[BlackElo "1978"]
[PlyCount "66"]
[EventDate "2010.01.08"]
[EventType "swiss"]
[EventRounds "9"]
[EventCountry "ESP"]
[Source "lmi"]
[SourceDate "2010.01.08"]

1. d4 Nf6 2. c4 e6 3. Nc3 c5 4. d5 exd5 5. cxd5 d6 6. e4 g6 7. f4 Bg7 8. Bb5+
Nfd7 9. Be2 O-O 10. Nf3 Na6 11. O-O Nc7 12. Nd2 Re8 13. Nc4 Nf6 14. Bf3 Rb8 15.
a4 h5 16. f5 b5 17. axb5 Nxb5 18. Nxb5 Rxb5 19. e5 dxe5 20. fxg6 fxg6 21. Rxa7
e4 22. Be2 Rb7 23. Ra8 Nxd5 24. Na5 Bd4+ 25. Kh1 Rc7 26. Bb5 e3 27. Bxe8 Qxe8
28. Qf3 Nb6 29. Rxc8 Rxc8 30. Nc4 e2 31. Nxb6 e1=Q 32. Nxc8 Q1e2 33. Qd5+ Kh8
0-1

[Event "Madrid ch 2009/10 Semifinal B"]
[Site "Madrid ESP"]
[Date "2010.01.15"]
[Round "4.14"]
[White "Cerrato Torrijos, Maria"]
[Black "Vukotic Jovsic, Dragan"]
[Result "1-0"]
[WhiteElo "2012"]
[BlackElo "1984"]
[PlyCount "90"]
[EventDate "2010.01.08"]
[EventType "swiss"]
[EventRounds "9"]
[EventCountry "ESP"]
[Source "lmi"]
[SourceDate "2010.01.08"]

1. e4 e6 2. d4 d5 3. Nc3 Bb4 4. e5 c5 5. a3 Bxc3+ 6. bxc3 Ne7 7. h4 Qc7 8. Nf3
Nbc6 9. h5 h6 10. Bd3 c4 11. Be2 Qa5 12. Bd2 Bd7 13. O-O Qa4 14. Nh4 g5 15.
hxg6 Nxg6 16. Nf3 O-O-O 17. Nh2 h5 18. Bg5 Rdg8 19. f4 h4 20. Ng4 h3 21. g3 h2+
22. Kh1 Rh3 23. Rf3 Nce7 24. Bf1 Rhh8 25. Bf6 Nf5 26. Bxh8 Rxh8 27. Nxh2 Nh6
28. Kg1 Qa5 29. Bg2 Nf5 30. Ng4 Ba4 31. Ne3 Nxe3 32. Rxe3 Qd8 33. Qe2 Ne7 34.
Kf2 Qg8 35. Rg1 Rh2 36. Rf3 Qh7 37. Rc1 Qh3 38. Kg1 Qh7 39. Rf2 Nf5 40. Qf3 Rh6
41. Bf1 Rg6 42. Rg2 Qg8 43. Kf2 Nh6 44. Rg1 Ng4+ 45. Ke2 Qf8 1-0

[Event "Madrid ch 2009/10 Semifinal B"]
[Site "Madrid ESP"]
[Date "2010.01.15"]
[Round "4.15"]
[White "Sotnikov, Taras"]
[Black "Rodriguez Vignote, Javier"]
[Result "1-0"]
[WhiteElo "2005"]
[BlackElo "1891"]
[PlyCount "49"]
[EventDate "2010.01.08"]
[EventType "swiss"]
[EventRounds "9"]
[EventCountry "ESP"]
[Source "lmi"]
[SourceDate "2010.01.08"]

1. e4 e6 2. Qe2 c5 3. g3 Nc6 4. c3 g6 5. Bg2 Bg7 6. f4 Nge7 7. Nf3 O-O 8. O-O
d6 9. d3 Qc7 10. a4 Rb8 11. Na3 a6 12. Nc4 b5 13. Ne3 Bd7 14. Nh4 bxa4 15. f5
exf5 16. exf5 Bf6 17. Ng4 Bxh4 18. gxh4 Nxf5 19. Bg5 Ne5 20. Nf6+ Kg7 21. Nd5
Qa7 22. Bf6+ Kg8 23. Rxf5 Rfe8 24. Rxe5 dxe5 25. Qe3 1-0

[Event "Madrid ch 2009/10 Semifinal B"]
[Site "Madrid ESP"]
[Date "2010.01.15"]
[Round "4.16"]
[White "Mansilla Tolosa, Luis"]
[Black "Morona Minguez, Irene"]
[Result "1-0"]
[WhiteElo "2109"]
[BlackElo "1867"]
[PlyCount "91"]
[EventDate "2010.01.08"]
[EventType "swiss"]
[EventRounds "9"]
[EventCountry "ESP"]
[Source "lmi"]
[SourceDate "2010.01.08"]

1. d4 Nf6 2. c4 g6 3. Nc3 Bg7 4. e4 d6 5. f4 O-O 6. Nf3 Na6 7. Bd3 Bg4 8. O-O
Nd7 9. Be3 e5 10. Be2 f5 11. dxe5 dxe5 12. Qd5+ Kh8 13. Rad1 exf4 14. Bxf4 fxe4
15. Ng5 Bxc3 16. Bxg4 Nf6 17. Qxd8 Raxd8 18. bxc3 Rde8 19. Ne6 Nxg4 20. Nxf8
Rxf8 21. Be5+ Kg8 22. Rxf8+ Kxf8 23. Bg3 Ke7 24. Rd4 Nf6 25. Be5 Nc5 26. Bxc7
Ne6 27. Bd6+ Kd7 28. Rd1 Kc6 29. Bb8 Ne8 30. Bxa7 Nd6 31. Re1 Nc5 32. Bxc5 Kxc5
33. Kf2 Kxc4 34. Ke3 Kxc3 35. Rd1 Nf5+ 36. Kxe4 h5 37. Rb1 b5 38. a3 Nd4 39.
Rb4 Nf5 40. Ke5 Ne3 41. Rxb5 Nxg2 42. a4 Ne1 43. Kf4 g5+ 44. Kxg5 Nf3+ 45. Kxh5
Nxh2 46. Rf5 1-0

[Event "Madrid ch 2009/10 Semifinal B"]
[Site "Madrid ESP"]
[Date "2010.01.15"]
[Round "4.17"]
[White "Collado Barbas, Laura"]
[Black "Tirado Parra, Alberto"]
[Result "1/2-1/2"]
[WhiteElo "2096"]
[BlackElo "1957"]
[PlyCount "122"]
[EventDate "2010.01.08"]
[EventType "swiss"]
[EventRounds "9"]
[EventCountry "ESP"]
[Source "lmi"]
[SourceDate "2010.01.08"]

1. d4 d5 2. c4 e6 3. Nc3 Nf6 4. cxd5 Nxd5 5. e4 Nxc3 6. bxc3 c5 7. Nf3 cxd4 8.
cxd4 Bb4+ 9. Bd2 Bxd2+ 10. Qxd2 O-O 11. Bc4 Nd7 12. O-O Nf6 13. Rfe1 b6 14. Ne5
Bb7 15. f3 Rc8 16. Bb3 Qd6 17. Qe3 Rfd8 18. Rad1 Qb4 19. Qd2 Rc3 20. Re3 Rdc8
21. Rxc3 Rxc3 22. Qf4 Qe7 23. Nc4 Ba6 24. Qb8+ Qf8 25. Qxf8+ Kxf8 26. Ne5 Ke7
27. d5 exd5 28. exd5 Ne8 29. Nxf7 Rd3 30. Rxd3 Bxd3 31. Ne5 Bb5 32. a4 Bd7 33.
Kf2 Nf6 34. Ke3 Be8 35. Kd4 Kd6 36. Nc4+ Kd7 37. Ne3 Bf7 38. Bc4 Ne8 39. Bb5+
Kc7 40. Nf5 g6 41. Nh6 Nd6 42. Ke5 Be8 43. Bxe8 Nxe8 44. Nf7 a6 45. g4 b5 46.
axb5 axb5 47. Kd4 Nf6 48. Kc5 b4 49. d6+ Kd7 50. Kxb4 Ke6 51. Ng5+ Kxd6 52. Kc4
Ke5 53. Nh3 h5 54. g5 Nd5 55. Kd3 Nf4+ 56. Nxf4 Kxf4 57. Ke2 Kxg5 58. Kf2 h4
59. Ke3 Kf5 60. Kd2 Kf4 61. Ke2 Kg5 1/2-1/2

[Event "Madrid ch 2009/10 Semifinal B"]
[Site "Madrid ESP"]
[Date "2010.01.16"]
[Round "5.1"]
[White "Gemy, Jose Daniel"]
[Black "Serrano Salvador, Eduardo"]
[Result "0-1"]
[WhiteElo "2214"]
[BlackElo "2324"]
[PlyCount "48"]
[EventDate "2010.01.08"]
[EventType "swiss"]
[EventRounds "9"]
[EventCountry "ESP"]
[Source "lmi"]
[SourceDate "2010.01.08"]

1. d4 d5 2. Nf3 Nf6 3. c4 c6 4. Nc3 e6 5. Qc2 dxc4 6. e4 b5 7. Bg5 h6 8. Bh4 g5
9. Bg3 g4 10. Ne5 Qxd4 11. Rd1 Qb6 12. Be2 Nbd7 13. Nxg4 Nxg4 14. Bxg4 Bg7 15.
Bh5 b4 16. Ne2 Qa5 17. Qxc4 Qxh5 18. Qxc6 O-O 19. O-O Qxe2 20. Qxa8 Qa6 21. Rd6
Qxf1+ 22. Kxf1 Ba6+ 23. Rxa6 Rxa8 24. Bd6 Bf8 0-1